000
00177 a2200097 4500
020
_a
9781250122971
041
_a
eng
100
_a
Nora Roberts
245
_a
Year One
942
_c
K
999
_c
26673
_d
26673